Serie A players 2020/21 - Statistics

General Stats
  • This quiz has been taken 20 times
  • The average score is 171 of 594
Answer Stats
Rank Player Positions Nationality Matches Goals Assists Clubs % Correct
1 Lautaro Martínez MF, FW 38 17 6
100%
2 Musa Barrow MF, FW 38 8 8
93%
4 Achraf Hakimi DF, MF 37 7 8
87%
12 Gianluigi Donnarumma GK 37 0 0
87%
49 Lorenzo Insigne MF, FW 35 19 8
87%
30 Luis Muriel MF, FW 36 22 7
87%
32 Nicolò Barella MF 36 3 7
87%
155 Roberto Insigne MF, FW 30 2 4
87%
5 Andrea Consigli GK 37 0 0
80%
226 Ashley Young DF, FW 26 1 4
80%
82 Berat Djimsiti DF 33 0 3
80%
41 Ciro Immobile FW 35 20 6
80%
6 Dušan Vlahović FW 37 21 3
80%
88 Federico Chiesa DF, MF, FW 33 9 9
80%
24 Giovanni Di Lorenzo DF, FW 36 3 6
80%
33 Piotr Zieliński MF 36 8 10
80%
18 Samir Handanović GK 37 0 0
80%
104 Theo Hernández DF 33 7 5
80%
20 Adam Marušić DF 36 2 3
73%
55 Adrien Rabiot MF 34 4 2
73%
277 Arturo Vidal MF 23 1 1
73%
84 Cristiano Ronaldo MF, FW 33 29 2
73%
409 Cristián Zapata DF 0 12 0 0
73%
389 Dennis Man MF, FW 0 14 2 1
73%
165 Dries Mertens MF, FW 29 9 8
73%
7 Duván Zapata FW 37 15 9
73%
45 Federico Dimarco DF, MF 35 5 3
73%
10 Franck Kessié DF, MF 37 13 4
73%
11 Gianluca Lapadula FW 37 8 2
73%
403 Graziano Pellè FW 0 13 1 2
73%
68 Lorenzo Pellegrini MF 34 7 6
73%
421 Luca Pellegrini DF, MF 0 11 0 1
73%
99 Marcelo Brozović MF 33 2 6
73%
139 Rafael Tolói DF 31 2 0
73%
76 Riccardo Orsolini MF, FW 34 7 3
73%
123 Robin Gosens DF, MF, FW 32 11 6
73%
36 Romelu Lukaku FW 36 24 11
73%
126 Sergej Milinković-Savić MF 32 8 9
73%
200 Simon Kjær DF 28 0 2
73%
127 Stefan de Vrij DF 32 1 0
73%
485 Vanja Milinković-Savić GK 0 5 0 0
73%
162 Wojciech Szczęsny GK 30 0 1
73%
81 Alessandro Bastoni DF 33 0 3
67%
106 Alexis Saelemaekers DF, MF, FW 32 2 4
67%
143 Alexis Sánchez MF, FW 30 7 5
67%
290 Alex Meret GK 22 0 0
67%
222 Alex Sandro DF, MF 26 2 1
67%
39 Andrea Belotti FW 35 13 6
67%
339 Andrea Poli MF 0 18 1 0
67%
23 Bartłomiej Drągowski GK 36 0 1
67%
227 Christian Eriksen MF, FW 26 3 0
67%
42 Cristiano Biraghi DF, MF 35 1 5
67%
109 Davide Calabria DF 32 2 1
67%
44 Dejan Kulusevski MF, FW 35 4 3
67%
85 Elif Elmas MF, FW 33 2 1
67%
8 Emil Audero GK 37 0 1
67%
206 Federico Bernardeschi DF, MF, FW 27 0 2
67%
243 Felipe Caicedo MF, FW 25 8 0
67%
112 Francesco Acerbi DF 32 0 1
67%
94 Hakan Çalhanoğlu MF, FW 33 4 9
67%
187 Joaquín Correa MF, FW 28 8 3
67%
48 Juan Musso GK 35 0 0
67%
69 Luis Alberto MF, FW 34 9 2
67%
379 Marco Sportiello GK 0 15 0 0
67%
250 Mario Pašalić MF, FW 25 6 2
67%
213 Mário Rui DF, MF 27 0 2
67%
174 Matteo Darmian DF, MF 29 3 3
67%
121 Milan Škriniar DF, MF 32 3 0
67%
154 Rafael Leão MF, FW 30 6 6
67%
34 Rodrigo De Paul MF, FW 36 9 9
67%
37 Ruslan Malinovskyi MF, FW 36 8 12
67%
297 Simone Bastoni DF, MF 22 1 7
67%
271 Victor Osimhen FW 24 10 3
67%
79 Weston McKennie DF, MF, FW 34 5 2
67%
287 Aaron Ramsey MF 22 2 4
60%
289 Alessio Romagnoli DF 22 1 1
60%
407 Alex Ferrari DF 0 12 0 1
60%
107 Álvaro Morata FW 32 11 9
60%
58 Bryan Cristante DF, MF 34 1 3
60%
83 Christian Kouamé FW 33 1 1
60%
59 Danilo DF, MF 34 1 4
60%
259 Diego Demme DF, MF 24 2 3
60%
184 Diego Godín DF 28 1 0
60%
205 Edin Džeko FW 27 7 3
60%
260 Elseid Hysaj DF 24 0 2
60%
87 Fabio Quagliarella FW 33 13 1
60%
63 Giacomo Bonaventura MF, FW 34 3 2
60%
89 Gianluca Mancini DF, MF 33 4 2
60%
64 Gian Marco Ferrari DF 34 0 4
60%
90 Giovanni Simeone FW 33 6 2
60%
114 Hirving Lozano MF, FW 32 11 3
60%
168 Ivan Ilić MF 29 2 0
60%
115 Ivan Perišić DF, MF, FW 32 4 3
60%
319 José Callejón MF, FW 0 20 0 1
60%
188 Josip Iličić MF, FW 28 6 9
60%
149 Juan Cuadrado DF, MF, FW 30 2 10
60%
26 Junior Messias DF, MF, FW 36 9 4
60%
231 Kalidou Koulibaly DF 26 0 0
60%
27 Kamil Glik DF, MF 36 2 1
60%
212 Leonardo Spinazzola DF, MF 27 2 4
60%
172 Lorenzo De Silvestri DF, MF 29 2 0
60%
498 Luca Mora MF 0 4 0 0
60%
15 Matteo Politano MF, FW 37 9 4
60%
181 Pepe Reina GK 29 0 0
60%
255 Rade Krunić MF, FW 25 1 2
60%
235 Radja Nainggolan MF 26 1 0
60%
74 Remo Freuler MF 34 2 3
60%
102 Rodrigo Bentancur MF 33 0 4
60%
124 Salvatore Sirigu GK 32 0 0
60%
199 Samu Castillejo MF, FW 28 1 0
60%
221 Vedat Muriqi FW 27 1 0
60%
237 Aleksei Miranchuk MF, FW 25 4 2
53%
539 Alessandro Berardi GK 0 1 0 0
53%
21 Alex Cordaz GK 36 0 0
53%
203 Ante Rebić MF, FW 27 11 4
53%
57 Antonín Barák MF, FW 34 7 3
53%
204 Brahim Díaz MF, FW 27 4 3
53%
507 Chaka Traorè DF, FW 0 3 0 0
53%
133 Cristian Romero DF 31 2 2
53%
108 Darko Lazović DF, MF, FW 32 3 6
53%
147 Domenico Berardi MF, FW 30 17 7
53%
280 Ebrima Colley MF, FW 23 1 0
53%
134 Eldor Shomurodov MF, FW 31 8 1
53%
61 Gabriele Zappa DF 34 0 4
53%
208 Giacomo Raspadori MF, FW 27 6 0
53%
353 Giorgio Chiellini DF 0 17 0 1
53%
92 Gleison Bremer DF 33 5 0
53%
167 Goran Pandev MF, FW 29 7 3
53%
46 Hamed Junior Traorè MF, FW 35 5 2
53%
65 Henrikh Mkhitaryan MF, FW 34 13 10
53%
528 Ionuț Radu GK 0 2 0 0
53%
170 Jordan Veretout MF 29 10 2
53%
25 José Luis Palomino DF 36 1 2
53%
28 Kevin Lasagna MF, FW 36 4 1
53%
232 Leonardo Bonucci DF 26 2 0
53%
192 Łukasz Skorupski GK 28 0 0
53%
118 Manuel Lazzari DF 32 2 5
53%
51 Marten de Roon DF, MF 35 1 1
53%
448 Matteo Gabbia DF 0 8 0 0
53%
215 Matthijs de Ligt DF 27 1 1
53%
119 Mattia Perin GK 32 0 0
53%
251 M'Bala Nzola FW 25 11 3
53%
179 Omar Colley DF 29 2 0
53%
431 Papu Gómez MF, FW 0 10 4 2
53%
253 Patric DF 25 0 1
53%
16 Răzvan Marin MF 37 3 6
53%
219 Rolando Mandragora MF 27 3 1
53%
256 Sandro Tonali MF 25 0 0
53%
141 Ștefan Radu DF 31 0 3
53%
38 Tomás Rincón MF 36 1 1
53%
56 Alessio Cragno GK 34 0 0
47%
439 Andrea Pinamonti FW 0 8 1 0
47%
361 Daniele Rugani DF 0 16 1 1
47%
330 Danilo D'Ambrosio DF 0 19 3 0
47%
509 Djavan Anderson DF, MF, FW 0 3 0 0
47%
244 Francesco Caputo FW 25 11 5
47%
229 Gianluca Scamacca FW 26 8 2
47%
294 Hans Hateboer DF, MF 22 2 1
47%
13 João Pedro MF, FW 37 16 3
47%
479 Juan Jesus DF 0 5 0 0
47%
210 Karol Linetty MF 27 1 0
47%
14 Lorenzo Montipò GK 37 0 0
47%
70 Manuel Locatelli MF 34 4 2
47%
71 Marco Silvestri GK 34 0 0
47%
575 Mattia De Sciglio DF, MF 0 1 0 0
47%
177 Maxime Lopez MF 29 2 0
47%
381 Merih Demiral DF 0 15 0 1
47%
122 Nahitan Nández DF, MF 32 2 2
47%
334 Nikola Kalinić FW 0 19 2 0
47%
73 Nikola Milenković DF 34 3 1
47%
324 Paulo Dybala MF, FW 0 20 4 3
47%
312 Pau López GK 0 21 0 0
47%
101 Pedro Obiang MF 33 0 1
47%
367 Ricardo Rodríguez DF, MF 0 16 0 0
47%
77 Rick Karsdorp DF, FW 34 1 6
47%
35 Rodrigo Palacio MF, FW 36 5 5
47%
156 Roger Ibanez DF 30 0 2
47%
103 Simone Verdi MF, FW 33 1 5
47%
140 Sofyan Amrabat DF, MF 31 0 0
47%
432 Stephan El Shaarawy DF, MF, FW 0 10 1 1
47%
128 Tiemoué Bakayoko MF 32 2 1
47%
336 Zlatan Ibrahimović FW 0 19 15 2
47%
223 Andrea Petagna FW 26 4 3
40%
399 Antonio Mirante GK 0 13 0 0
40%
291 Arthur Melo MF 22 1 0
40%
129 Bartosz Bereszyński DF 31 1 0
40%
130 Borja Mayoral FW 31 10 3
40%
146 Bruno Peres DF, MF 30 1 2
40%
329 Danilo Cataldi MF 0 19 0 0
40%
241 Davide Zappacosta DF, MF 25 4 2
40%
9 Emmanuel Gyasi DF, MF, FW 37 4 6
40%
351 Fernando Llorente MF, FW 0 17 1 0
40%
445 Gianluigi Buffon GK 0 8 0 0
40%
97 Jens Stryger Larsen DF 33 2 0
40%
230 Jeremy Toljan DF, MF 26 0 2
40%
151 Kostas Manolas DF 30 0 0
40%
98 Leonardo Pavoletti FW 33 4 3
40%
117 Lucas Leiva MF 32 0 0
40%
366 Manolo Gabbiadini MF, FW 0 16 3 2
40%
447 Matías Vecino MF, FW 0 8 1 1
40%
193 Matteo Pessina MF, FW 28 2 2
40%
194 Mert Müldür DF 28 0 0
40%
52 Mikkel Damsgaard MF, FW 35 2 4
40%
152 Milan Badelj MF 30 1 4
40%
178 Nahuel Molina DF 29 2 5
40%
218 Pedro MF, FW 27 5 2
40%
254 Pierluigi Gollini GK 25 0 0
40%
78 Roberto Pereyra DF, MF, FW 34 5 7
40%
54 Rodrigo Becão DF 35 1 0
40%
182 Salvatore Molina DF, MF 29 1 4
40%
125 Saša Lukić MF 32 3 0
40%
385 Stanislav Lobotka MF 0 15 0 0
40%
326 Tommaso Pobega MF 0 20 6 0
40%
359 Amir Rrahmani DF 0 16 1 0
33%
163 Andreas Cornelius FW 29 1 4
33%
225 Andreas Skov Olsen DF, MF, FW 26 2 3
33%
22 Artur Ioniță MF 36 2 0
33%
131 Charalambos Lykogiannis DF, FW 31 4 2
33%
460 Federico Fazio DF 0 6 1 0
33%
113 Germán Pezzella DF 32 1 0
33%
207 Gervinho MF, FW 27 5 1
33%
281 Giorgos Kyriakopoulos DF, FW 23 1 0
33%
262 Giuseppe Pezzella DF, MF, FW 24 1 4
33%
95 Hernani MF, FW 33 7 3
33%
304 Igor DF 0 21 0 0
33%
295 Ilija Nestorovski MF, FW 22 2 2
33%
169 Ivan Provedel GK 29 0 0
33%
116 Jean-Daniel Akpa-Akpro MF, FW 32 0 1
33%
209 Jeremie Boga MF, FW 27 4 2
33%
189 Juraj Kucka MF, FW 28 7 2
33%
29 Luigi Sepe GK 36 0 0
33%
430 Mario Mandžukić MF, FW 0 10 0 0
33%
395 Marko Rog MF, FW 0 14 0 0
33%
31 Mattia Zaccagni MF, FW 36 5 5
33%
269 Mërgim Vojvoda DF, FW 24 2 2
33%
310 Miguel Veloso MF 0 21 2 2
33%
234 Nicola Sansone MF, FW 26 2 2
33%
323 Nicolò Rovella MF 0 20 0 2
33%
357 Nikola Maksimović DF 0 17 0 0
33%
153 Paweł Dawidowicz DF 30 0 0
33%
138 Përparim Hetemaj MF 31 0 2
33%
404 Pierre Kalulu DF 0 13 1 1
33%
197 Roberto Gagliardini DF, MF 28 3 2
33%
325 Roberto Piccoli FW 0 20 5 0
33%
17 Roberto Soriano MF 37 9 6
33%
368 Senad Lulić DF, MF, FW 0 16 0 0
33%
3 Simeon Nwankwo FW 38 20 2
33%
158 Soualiho Meïté MF 30 1 1
33%
142 Takehiro Tomiyasu DF 31 2 0
33%
503 Alberto Paleari GK 0 3 0 0
27%
105 Albin Ekdal MF 32 2 1
27%
406 Alessandro Buongiorno DF 0 12 0 0
27%
258 Alessandro Deiola MF 24 0 0
27%
276 Alfred Duncan MF 23 0 1
27%
145 Arkadiusz Reca DF 30 2 3
27%
299 Carles Pérez MF, FW 0 21 2 1
27%
547 Carlo Pinsoglio GK 0 1 0 0
27%
442 Christian Maggio DF, MF 0 8 0 0
27%
132 Cristian Ansaldi DF, MF, FW 31 1 6
27%
550 Daniele Padelli GK 0 1 0 0
27%
60 Davide Faraoni DF, MF 34 4 7
27%
525 Douglas Costa MF, FW 0 2 0 0
27%
341 Eduardo Henrique MF 0 18 1 0
27%
292 Fabio Depaoli DF, MF 22 0 0
27%
415 Faouzi Ghoulam DF 0 11 0 0
27%
491 Federico Santander DF, FW 0 4 0 1
27%
352 Fikayo Tomori DF 0 17 1 0
27%
111 Filip Đuričić MF, FW 32 5 4
27%
166 Franck Ribéry MF, FW 29 2 6
27%
245 Gastón Ramírez MF, FW 25 0 4
27%
186 Grégoire Defrel MF, FW 28 3 3
27%
332 Kaan Ayhan DF, MF 0 19 0 0
27%
248 Keita Baldé MF, FW 25 7 1
27%
171 Kevin Agudelo MF, FW 29 1 2
27%
320 Koffi Djidji DF 0 20 1 0
27%
211 Koray Günter DF 27 0 2
27%
497 Lorenzo Colombo FW 0 4 0 0
27%
480 Manolo Portanova MF, FW 0 5 0 0
27%
50 Marko Pjaca MF, FW 35 3 2
27%
233 Mattia Bani DF 26 0 0
27%
533 Maximiliano Olivera DF 0 2 0 0
27%
120 Maya Yoshida DF 32 1 2
27%
195 Nicolás Domínguez MF, FW 28 1 0
27%
356 Nicolas Viola MF, FW 0 17 5 2
27%
587 Raúl Moro FW 0 1 0 0
27%
516 Riccardo Calafiori DF 0 3 0 0
27%
198 Rogério DF, MF 28 0 1
27%
590 Simone Scuffet GK 0 1 0 0
27%
183 Simone Zaza MF, FW 29 6 0
27%
348 Stefano Sensi MF, FW 0 18 0 0
27%
159 Tolgay Arslan MF 30 3 0
27%
19 Tommaso Augello DF 37 1 3
27%
272 Vlad Chiricheș DF 24 2 1
27%
161 Walace MF 30 0 0
27%
201 Wilfried Singo DF 28 1 2
27%
413 Aaron Hickey DF 0 11 0 0
20%
288 Adam Ounas MF, FW 22 4 4
20%
257 Adrien Silva MF 24 1 1
20%
80 Adrien Tameze DF, MF 33 1 0
20%
275 Alberto Grassi DF, MF 23 0 0
20%
387 Andrea Conti DF, MF 0 14 0 0
20%
440 Andrea Ranocchia DF 0 8 0 1
20%
224 Andreas Pereira MF, FW 26 1 2
20%
360 Chris Smalling DF 0 16 0 1
20%
240 Claudio Terzi DF 25 1 1
20%
376 Daniele Baselli MF 0 15 0 0
20%
300 Daniele Verde MF, FW 0 21 6 1
20%
475 Daniel Maldini MF, FW 0 5 0 0
20%
362 David Ospina GK 0 16 0 1
20%
434 Denis Drăguș MF, FW 0 9 0 0
20%
301 Diogo Dalot DF, FW 0 21 1 1
20%
136 Erick Pulgar DF, MF 31 1 3
20%
489 Federico Marchetti GK 0 4 0 0
20%
558 Federico Ricci MF, FW 0 1 0 0
20%
62 Gaetano Castrovilli MF 34 5 3
20%
416 Gary Medel DF, MF 0 11 0 1
20%
510 Giacomo Ricci DF 0 3 0 0
20%
246 Giangiacomo Magnani DF 25 0 0
20%
148 Gianluca Caprari MF, FW 30 5 6
20%
378 Gianluca Frabotta DF, MF 0 15 0 1
20%
91 Giulio Maggiore MF 33 3 1
20%
93 Gonzalo Villar MF 33 0 1
20%
305 Ismaël Bennacer MF 0 21 0 2
20%
47 Jakub Jankto MF, FW 35 6 3
20%
66 Jasmin Kurtić MF, FW 34 4 0
20%
342 Jens Petter Hauge MF, FW 0 18 2 0
20%
67 Jerdy Schouten DF, MF 34 1 1
20%
530 Justin Kluivert MF, FW 0 2 0 0
20%
436 Kwadwo Asamoah DF, MF 0 9 0 0
20%
282 Lorenzo Tonelli DF 23 1 0
20%
308 Lucas Martínez Quarta DF 0 21 1 0
20%
394 Lukáš Haraslín MF, FW 0 14 0 0
20%
264 Marco Sau MF, FW 24 4 2
20%
173 Martín Cáceres DF 29 2 2
20%
214 Martin Erlic DF 27 3 1
20%
266 Marvin Zeegelaar DF, FW 24 1 0
20%
175 Matteo Ricci MF 29 0 2
20%
468 Mattia Caldara DF 0 6 0 0
20%
176 Mattia Destro MF, FW 29 11 1
20%
322 Mitchell Dijks DF 0 20 0 0
20%
582 Nicolò Fagioli MF 0 1 0 0
20%
422 Patrick Cutrone FW 0 11 0 0
20%
53 Pedro Pereira DF, FW 35 0 4
20%
499 Pietro Terracciano GK 0 4 0 0
20%
586 Radu Drăgușin DF 0 1 0 0
20%
335 Sebastian Walukiewicz DF 0 19 0 1
20%
298 Stefano Okaka FW 0 22 4 1
20%
438 Thomas Strakosha GK 0 9 0 0
20%
236 Valon Behrami DF, MF 26 0 0
20%
286 Yordan Osorio DF 23 0 0
20%
337 Ahmad Benali MF, FW 0 18 0 1
13%
449 Aleksandar Kolarov DF 0 7 0 1
13%
520 Álex Berenguer DF, MF, FW 0 2 0 0
13%
540 Amad Diallo MF, FW 0 1 0 0
13%
338 Amadou Diawara MF 0 18 1 0
13%
144 Andrea Masiello DF 30 0 0
13%
40 Antonio Candreva DF, MF, FW 35 5 8
13%
350 Ardian Ismajli DF 0 17 1 1
13%
238 Armando Izzo DF 25 2 0
13%
523 Bastos DF 0 2 0 0
13%
316 Bram Nuytinck DF 0 20 1 0
13%
328 Bruno Alves DF 0 19 1 0
13%
548 Ciprian Tătărușanu GK 0 1 0 0
13%
400 Davide Biraschi DF 0 13 0 0
13%
164 Diego Farias MF, FW 29 4 2
13%
554 Edoardo Bove DF, MF 0 1 0 0
13%
86 Fabián Ruiz Peña MF 33 3 1
13%
293 Federico Bonazzoli MF, FW 22 2 3
13%
185 Federico Ceccherini DF 28 0 0
13%
452 Federico Peluso DF 0 7 0 0
13%
490 Federico Ravaglia GK 0 4 0 0
13%
444 Francesco Cassata DF, MF, FW 0 8 0 0
13%
428 Francesco Magnanelli MF 0 10 0 0
13%
429 Gabriele Moncini MF, FW 0 10 0 0
13%
261 Gaetano Letizia DF, MF 24 3 1
13%
401 Gerard Deulofeu MF, FW 0 13 1 1
13%
418 Ignacio Pussetto MF, FW 0 11 3 1
13%
96 Ivan Radovanović DF, MF 33 0 0
13%
317 Jacopo Petriccione MF 0 20 0 0
13%
318 Joakim Mæhle DF, MF 0 20 0 2
13%
454 Kévin Malcuit DF, MF 0 7 0 0
13%
249 Luca Caldirola DF 25 2 0
13%
393 Luiz Felipe DF 0 14 0 0
13%
309 Marash Kumbulla DF 0 21 1 0
13%
344 Marco Parolo MF 0 18 0 2
13%
265 Marlon DF 24 0 0
13%
466 Matteo Ruggeri DF, MF 0 6 0 0
13%
72 Mattias Svanberg MF, FW 34 5 2
13%
311 Mohamed Fares DF, MF, FW 0 21 0 1
13%
100 Morten Thorsby MF 33 3 1
13%
216 Nahuel Estévez MF 27 0 3
13%
469 Nehuén Paz DF 0 6 1 0
13%
345 Nicolas Nkoulou DF 0 18 1 0
13%
196 Riccardo Gagliolo DF 28 2 2
13%
423 Riccardo Saponara MF, FW 0 11 2 0
13%
397 Roberto Inglese FW 0 14 0 2
13%
285 Sebastiano Luperto DF 23 0 0
13%
483 Stefano Denswil DF 0 5 0 0
13%
220 Valerio Verre MF, FW 27 3 3
13%
518 Vasco Regini DF 0 3 0 0
13%
358 Wesley Hoedt DF 0 17 0 0
13%
314 Adama Soumaoro DF 0 20 1 0
7%
373 Adolfo Gaich FW 0 15 2 0
7%
375 Andrea Carboni DF 0 15 0 1
7%
414 Andrea Favilli DF, FW 0 11 2 0
7%
327 Andrea Rispoli DF, MF 0 19 0 0
7%
457 Angelo da Costa Júnior GK 0 6 0 0
7%
545 Antonio Raimondo FW 0 1 0 0
7%
388 Antonio Sanabria MF, FW 0 14 5 1
7%
315 Borja Valero MF 0 20 0 0
7%
450 Bosko Sutalo DF 0 7 0 0
7%
239 Bryan Dabo DF, MF 25 0 0
7%
473 Bryan Reynolds DF 0 5 0 0
7%
425 Christian Oliva MF 0 10 0 1
7%
549 Cristiano Piccini DF 0 1 0 0
7%
524 Cristóbal Montiel MF, FW 0 2 0 0
7%
426 Davide Santon DF 0 10 0 1
7%
552 Denis Vavro DF 0 1 0 0
7%
458 Destiny Udogie DF 0 6 0 0
7%
279 Domenico Criscito DF, MF 23 1 0
7%
242 Edoardo Goldaniga DF 25 0 1
7%
135 Emanuel Vignato DF, MF, FW 31 1 4
7%
110 Federico Barba DF 32 0 2
7%
557 Federico Mattiello DF, MF, FW 0 1 0 0
7%
377 Gastón Pereiro MF, FW 0 15 2 2
7%
526 Giovanni Crociata DF, MF, FW 0 2 0 0
7%
492 Guglielmo Vicario GK 0 4 0 0
7%
529 Jacopo Dezi MF, FW 0 2 0 0
7%
462 Jacopo Sala DF, MF, FW 0 6 0 0
7%
478 Javier Pastore MF, FW 0 5 0 0
7%
494 Jayden Braaf MF, FW 0 4 1 0
7%
453 Jeroen Zoet GK 0 7 0 0
7%
419 Johan Mojica DF 0 11 0 0
7%
247 Julian Chabot DF 25 1 1
7%
564 Kacper Urbanski MF, FW 0 1 0 0
7%
150 Kevin Bonifazi DF 30 0 0
7%
343 Kevin Strootman MF 0 18 0 4
7%
566 Kiril Despodov MF, FW 0 1 0 0
7%
420 Lautaro Valenti DF 0 11 0 0
7%
355 Lennart-Marten Czyborra DF, MF 0 17 1 0
7%
191 Lorenzo Venuti DF, MF 28 0 1
7%
392 Luca Cigarini MF 0 14 0 0
7%
411 Lucien Agoume MF 0 12 0 0
7%
456 Luis Rojas MF, FW 0 7 0 0
7%
283 Lyanco DF 23 0 0
7%
572 Marco Festa GK 0 1 0 0
7%
481 Mateo Musacchio DF 0 5 0 0
7%
576 Mattia Pagliuca MF 0 1 0 0
7%
268 Maxime Busi DF 24 0 1
7%
380 Mehdi Bourabia MF 0 15 1 0
7%
137 Miha Zajc MF, FW 31 1 3
7%
396 Nicola Murru DF 0 14 0 0
7%
580 Nicolás Schiappacasse MF, FW 0 1 0 0
7%
579 Nicola Zalewski DF, FW 0 1 0 1
7%
180 Pasquale Schiattarella MF 29 1 1
7%
270 Riccardo Marchizza DF 24 0 2
7%
313 Riccardo Sottil DF, MF, FW 0 21 2 1
7%
500 Ronaldo Vieira MF 0 4 0 0
7%
157 Samir Santos DF 30 1 0
7%
383 Sam Lammers MF, FW 0 15 2 0
7%
296 Samuel Di Carmine MF, FW 22 0 0
7%
369 Simone Iacoponi DF 0 16 0 0
7%
370 Stefano Sturaro MF 0 16 1 0
7%
371 Valentin Eysseric MF, FW 0 16 2 0
7%
592 Viktor Kovalenko MF 0 1 0 0
7%
398 Vincent Laurini DF 0 14 0 0
7%
519 Vincenzo Millico MF, FW 0 3 0 0
7%
405 Wylan Cyprien MF 0 13 0 0
7%
486 Alan Empereur DF 0 4 0 0
0%
274 Alberto Cerri FW 23 1 0
0%
487 Aleksandr Kokorin MF, FW 0 4 0 0
0%
488 Alessandro Di Pardo DF, MF, FW 0 4 0 0
0%
424 Alessandro Tripaldelli DF 0 10 0 0
0%
202 Alessandro Tuia DF 27 1 0
0%
541 Amadou Diambo FW 0 1 0 0
0%
374 Amer Gojak MF, FW 0 15 1 1
0%
542 Andrea Adorante FW 0 1 0 0
0%
521 Andrea Danzi DF, MF 0 2 0 0
0%
349 Andrés Tello DF, MF, FW 0 17 1 0
0%
408 Andrey Galabinov FW 0 12 3 1
0%
441 Andri Fannar Baldursson MF 0 8 0 0
0%
433 Antonino La Gumina MF, FW 0 9 0 0
0%
504 Antonio Barreca DF, MF, FW 0 3 0 0
0%
543 Antonio Cioffi FW 0 1 0 0
0%
522 Antonio Mazzotta DF, MF 0 2 0 0
0%
544 Antonio Palumbo MF 0 1 0 0
0%
505 Arturo Calabresi DF 0 3 0 0
0%
546 Augustus Kargbo FW 0 1 0 0
0%
506 Botond Balogh DF 0 3 0 0
0%
472 Brian Oddei MF, FW 0 5 0 2
0%
508 Christian Pastina DF 0 3 0 1
0%
443 Cristian Dell'Orco DF 0 8 0 0
0%
278 Daam Foulon DF 23 0 1
0%
451 Daan Dierckx DF 0 7 0 0
0%
340 Daniel Bessa MF, FW 0 18 0 2
0%
474 Daniel Fuzato GK 0 5 0 0
0%
43 Danilo Larangeira DF 35 0 1
0%
551 Davide Angelo Ghislandi DF 0 1 0 0
0%
553 Drissa Camara MF 0 1 0 0
0%
476 Ebrima Darboe MF 0 5 0 0
0%
302 Eddie Salcedo MF, FW 0 21 2 0
0%
555 Edoardo Vergani MF, FW 0 1 0 0
0%
556 Elio Capradossi DF 0 1 0 0
0%
303 Emmanuel Rivière FW 0 21 1 1
0%
459 Ernesto Torregrossa FW 0 6 1 0
0%
477 Fabio Pisacane DF 0 5 0 0
0%
427 Fabrizio Caligara MF, FW 0 10 0 0
0%
559 Félix Correia MF 0 1 0 0
0%
331 Fernando Forestieri MF, FW 0 19 1 1
0%
390 Filippo Melegoni DF, MF, FW 0 14 0 0
0%
228 Gastón Brugman MF, FW 26 1 1
0%
391 Gennaro Acampora MF, FW 0 14 0 0
0%
560 Giacomo Vrioni FW 0 1 0 0
0%
561 Gian Crespi GK 0 1 0 0
0%
562 Gianluca Pegolo GK 0 1 0 0
0%
527 Giuseppe Caso DF, MF, FW 0 2 0 0
0%
402 Giuseppe Cuomo DF 0 13 0 0
0%
363 Giuseppe Di Serio MF, FW 0 16 0 0
0%
511 Giuseppe Mastinu FW 0 3 0 0
0%
263 Gonzalo Escalante MF 24 0 1
0%
461 Hidde ter Avest DF, MF 0 6 0 0
0%
417 Iago Falque MF, FW 0 11 1 1
0%
446 Ibrahima Mbaye DF, MF 0 8 1 0
0%
563 Isaac Karamoko DF 0 1 0 0
0%
493 Ivor Pandur GK 0 4 0 0
0%
435 Jacopo Segre DF, MF 0 9 0 0
0%
354 Jean-Victor Makengo MF 0 17 0 0
0%
495 Jérôme Onguéné DF 0 4 0 0
0%
496 Joshua Zirkzee FW 0 4 0 0
0%
410 Juan Brunetta MF, FW 0 12 1 2
0%
463 Juan Manuel Ramos DF 0 6 0 0
0%
565 Karlo Letica GK 0 1 0 0
0%
531 Kastriot Dermaku DF 0 2 0 0
0%
455 Kevin Rüegg DF, MF 0 7 0 0
0%
464 Kristoffer Askildsen MF 0 6 0 0
0%
567 Léo Duarte DF 0 1 0 0
0%
364 Léo Sena MF 0 16 0 0
0%
190 Lisandro Magallán DF 28 1 2
0%
568 Lorenzo Del Pinto MF 0 1 0 0
0%
532 Ľubomír Tupta MF, FW 0 2 0 0
0%
333 Luca Ceppitelli DF 0 19 0 0
0%
306 Luca Marrone DF, MF 0 21 0 0
0%
465 Luca Siligardi MF, FW 0 6 0 0
0%
307 Luca Vignali DF 0 21 0 0
0%
365 Lukas Lerager MF 0 16 0 1
0%
512 Mamadou Coulibaly MF 0 3 0 0
0%
570 Manuel Gasparini GK 0 1 0 0
0%
569 Manu Gyabuaa MF 0 1 0 0
0%
571 Marco Bertini MF 0 1 0 0
0%
573 Márk Kosznovszky MF 0 1 0 0
0%
513 Martin Palumbo MF, FW 0 3 0 0
0%
574 Mato Jajalo MF 0 1 0 0
0%
267 Matteo Lovato DF 24 0 0
0%
514 Matteo Scozzarella MF 0 3 0 0
0%
467 Mattéo Tramoni MF, FW 0 6 0 0
0%
577 Mattia Sprocati MF, FW 0 1 0 0
0%
321 Mehdi Léris DF, MF, FW 0 20 0 0
0%
252 Miloš Vulić MF 25 1 1
0%
482 Musa Juwara DF, MF, FW 0 5 0 0
0%
578 Niccolò Manfredini GK 0 1 0 0
0%
217 Niccolò Zanellato MF 27 1 1
0%
534 Nícolas Andrade GK 0 2 0 0
0%
581 Nicolò Armini DF 0 1 0 0
0%
583 Omar Khailoti DF 0 1 0 0
0%
470 Paolo Bartolomei MF 0 6 0 1
0%
437 Paolo Faragò DF, MF 0 9 0 0
0%
284 Paolo Ghiglione DF, MF, FW 23 0 4
0%
584 Petar Mićin MF 0 1 0 0
0%
585 Philip Ankhrah MF 0 1 0 0
0%
412 Pol Lirola DF, MF, FW 0 12 0 1
0%
515 Rafael GK 0 3 0 1
0%
382 Ragnar Klavan DF 0 15 0 0
0%
75 Riccardo Improta DF, MF 34 1 0
0%
588 Ryder Matos MF, FW 0 1 0 0
0%
346 Salvador Ferrer DF, MF 0 18 0 1
0%
589 Samir Ujkani GK 0 1 0 0
0%
384 Sebastien De Maio DF 0 15 0 0
0%
535 Simone Colombi GK 0 2 0 0
0%
536 Simone Edera MF, FW 0 2 0 0
0%
501 Simone Rabbi DF, FW 0 4 0 1
0%
347 Simon Sohm MF 0 18 1 0
0%
591 Siriki Sanogo MF 0 1 0 0
0%
517 Steeve-Mike Ebongue MF 0 3 0 1
0%
386 Thomas Ouwejan DF 0 15 0 2
0%
537 Tomislav Gomelt MF 0 2 0 0
0%
484 Valentin Antov DF 0 5 0 0
0%
372 Valentin Mihaila MF, FW 0 16 3 0
0%
538 Vasilios Zagaritis DF 0 2 0 0
0%
502 Vittorio Parigini DF, MF, FW 0 4 0 0
0%
160 Vladimir Golemić DF 30 2 0
0%
593 Wisdom Amey DF 0 1 0 0
0%
273 Yann Karamoh MF, FW 24 2 1
0%
594 Yayah Kallon MF, FW 0 1 0 0
0%
471 Yıldırım Mert Çetin DF, MF 0 6 0 0
0%
No matching quizzes found
Score Distribution
Percent of People with Each Score
Percentile by Number Answered
Your Score History
You have not taken this quiz